Disney Sorting Gallery III Quiz Stats

 Plays Quiz Updated Mar 28, 2016

Challenge
Share
Tweet
Embed
Score 0/55 Timer 04:00
8 Plays Today
% Correct
The Fox and the Hound
95.9%
Dumbo
94.4%
Bambi
94.2%
One Hundred and One Dalmatians
93.9%
Snow White and the Seven Dwarfs
92.9%
A Whole New World
92.3%
Can You Feel the Love Tonight
92.3%
Fantasia
92.1%
When You Wish Upon a Star
90.4%
Lilo and Stitch
90.1%
Be Our Guest
89.6%
Bare Necessities
89.4%
Cheshire Cat
88.8%
Whistle While You Work
87.9%
Simba
87.1%
Ashley Tisdale
87.1%
The Sword in the Stone
86.8%
Robin Hood
86%
Mulan
85.7%
Part of Your World
85.7%
Zac Efron
85.1%
Vanessa Hudgens
84.5%
Tigger
83.3%
Let It Go
82.4%
Lumière
81.7%
Lucas Grabeel
80.8%
Mrs. Potts
80.6%
Monique Coleman
79.9%
% Correct
Chip
79.4%
In a World of My Own
78.8%
Shere Khan
77.4%
Rajah
77%
Cogsworth
76.6%
Hong Kong Disneyland
76.5%
Wendy Wu: Homecoming Warrior
76.4%
Tokyo Disneyland
75.8%
Olesya Rulin
74.9%
Pirates of the Caribbean
74.5%
Oliver
73.7%
Zenon: The Zequel
73.4%
Marvel Cinematic Universe
72.8%
Star Wars
72.8%
Halloweentown
72.7%
Britney Spears
72.3%
Corbin Bleu
72.2%
Christina Aguilera
71.4%
Justin Timberlake
70.2%
The Color of Friendship
67.8%
The Muppets
66.2%
Cadet Kelly
65%
Brink!
62.3%
Kuzco
61.9%
Marie
61.3%
Fifi
56.1%
Prince John
42.3%

You're not logged in!

Compare scores with friends on all Sporcle quizzes.
Join for Free
OR
Log In

You Might Also Like...

Show Comments

Extras

Top Quizzes Today


Score Distribution

Your Account Isn't Verified!

In order to create a playlist on Sporcle, you need to verify the email address you used during registration. Go to your Sporcle Settings to finish the process.

Report this User

Report this user for behavior that violates our Community Guidelines.

Details: